| 000 | 00401nam a22001577a 4500 | ||
|---|---|---|---|
| 003 | BD-DhUIB | ||
| 005 | 20251026181246.0 | ||
| 008 | 251026b |||||||| |||| 00| 0 eng d | ||
| 040 |
_aBD-DhUIB _cBD-DhUIB |
||
| 050 | _a658.4053 | ||
| 082 | _222 | ||
| 100 |
_aHarverd Business Review. _91060 |
||
| 245 |
_aManaging difficult intsactions/ _cby Havard Business Review. |
||
| 526 | _aBBA. | ||
| 942 |
_2ddc _cBK |
||
| 999 |
_c625 _d625 |
||